Analýza vlivu ovlivňujícich velikost volatilní rizikové prémie měnového kurzu EUR/USD

Analýza špecifickej rizikovej prémie nazývanej volatilitná riziková prémia.

Guardado en:
Detalles Bibliográficos
Autor principal: Fičura, Milan
Formato: Capítulo de libro
Lenguaje:checo
Materias:
Etiquetas: Agregar Etiqueta
Sin Etiquetas, Sea el primero en etiquetar este registro!

MARC

LEADER 00000naa a2200000 4500
001 0196551
005 20231010070344.0
041 0 |a cze 
044 |a CZ 
245 1 0 |a Analýza vlivu ovlivňujícich velikost volatilní rizikové prémie měnového kurzu EUR/USD  |c Milan Fičura 
520 |a Analýza špecifickej rizikovej prémie nazývanej volatilitná riziková prémia. 
610 2 0 |a kurz menový 
610 2 0 |a dolár 
610 2 0 |a euro 
610 2 0 |a modely regresné 
610 2 0 |a riziko finančné 
610 2 0 |a volatilita 
100 1 |a Fičura, Milan